| 000 | 00667nam a22002057a 4500 | ||
|---|---|---|---|
| 003 | DO-SdBNP | ||
| 005 | 20230320110937.0 | ||
| 007 | ta | ||
| 008 | 210609b2020 dr a 00| 0 eng dspa d | ||
| 020 | _a9789945591958 | ||
| 040 |
_aDO-SdBNP _bspa _cBNPHU |
||
| 082 | 4 | _222 | |
| 110 | 1 |
_aRepública Dominicana : _bMinisterio de Salud Pública. _978774 |
|
| 245 | 0 | 0 | _aDirectrices para habilitar salas de aislamiento respiratorio "presión negativa" |
| 260 |
_aSanto Domingo : _bMinisterio de Salud Pública, _c2020. |
||
| 300 |
_a14 [15] p. : _bilustraciones , _c20 cm. |
||
| 504 | _aBibliografía : [p. 15] | ||
| 590 | _aInventariado, 2021 /LP | ||
| 942 |
_2ddc _cLBS1 |
||
| 999 |
_c49905 _d49905 |
||